| 000 | 00363nam a22001217a 4500 | ||
|---|---|---|---|
| 999 |
_c10327 _d10327 |
||
| 003 | OSt | ||
| 008 | 201203b ||||| |||| 00| 0 eng d | ||
| 245 | _aThe Indian Textile Journal | ||
| 250 | _a2014(Jan Vol.124 No.4, Feb Vol.124 No.5, Mar Vol.124 No.6, Apr Vol.124 No.7) | ||
| 260 |
_aChennai _bIPF Publications |
||
| 650 | _aTextile Engineering | ||
| 942 |
_2ddc _cBV |
||